Posion Ivy - Portrayals by Picture - Statistics

General Stats
  • This quiz has been taken 9 times
  • The average score is 6 of 30
Answer Stats
Picture Answer % Correct
Uma Thurman
86%
Atsuko Tanaka / Tara Strong
57%
Lake Bell
57%
Tara Strong
57%
Jennifer Hale / Vanessa Marshall
43%
Tara Strong
43%
Vanessa Marshall / Riki Lindhome / Laura Bailey / Tara Strong / Tasia Valenza
43%
Diane Pershing
29%
Bridget Regan
14%
Clare Foley
14%
Diane Pershing
14%
Diane Pershing
14%
Diane Pershing
14%
Diane Pershing
14%
Kari Wuhrer
14%
Katee Sackhoff
14%
Maggie Geha
14%
Paget Brewster
14%
Peyton List
14%
Tasia Valenza
14%
Tasia Valenza
14%
Alyssa Milano
0%
Clare Grant
0%
Courtenay Taylor
0%
Cyndi Williams
0%
Kailey Snider
0%
Natasha Leggero
0%
Nicole Kang
0%
Peyton List
0%
Piera Coppola
0%
No matching quizzes found
Score Distribution
Percent of People with Each Score
Percentile by Number Answered
Your Score History
You have not taken this quiz